00394nam a2200145Ia 4500008004100000020001500041082001500056100002200071245006700093250000600160260002400166300001600190500002400206650001800230230524s9999 xx 000 0 und d a8179925919 a523.1bHaw aStephen w Hawking 4aThe Theory of Everything : the origin and fate of the universe a1 aMumbaibJaicoc2009 a"vii,132p;" aQuantity Number: 1 aMiscellaneous